[Event "Tourn. n8925"]
[Site "www.chess-mail.com"]
[Date "2016.10.16"]
[Round "1"]
[White "Libiesse"]
[Black "Hundegana"]
[WhiteElo "1980"]
[BlackElo "1980"]
[Result "1-0"]
[Round "1"]
1.d4 f5
2.Ng1f3 g6
3.c4 Bf8g7
4.Nb1c3 c6
5.Qd1b3 Ng8f6
6.Bc1g5 Qd8b6
7.Qb3xb6 axb6
8.e3 Nf6e4
9.Nc3xe4 fxe4
10.Nf3d2 d5
11.cxd5 cxd5
12.Ra1c1 Bc8d7
13.a3 h6
14.Bg5h4 g5
15.Bh4g3 Nb8c6
16.Bf1e2 h5
17.h3 O-O
18.O-O Ra8c8
19.Nd2b3 h4
20.Bg3h2 Nc6a5
21.Nb3d2 Rc8xc1
22.Rf1xc1 Rf8c8
23.Rc1c7 Rc8xc7
24.Bh2xc7 e6
25.Bc7xb6 Na5c4
26.Nd2xc4 dxc4
27.Be2xc4 Kf7
28.Kf1 Kf6
29.Ke2 Kf5
30.f3 exf3
31.Kxf3 Bd7c6
32.Kf2 Bc6d5
33.Bc4xd5 exd5
34.Kf3 Bg7f8
35.Bb6c5 Bf8g7
36.b4 Bg7f6
37.a4 Bf6d8
38.a5 Bd8c7
39.Bc5b6 Bc7d6
40.b5 Ke6
41.Bb6d8 Bd6b4
42.a6 bxa6
43.bxa6 Kd7
44.Bd8xg5 Kc7
45.a7 Kb7
46.Kf4 Kxa7
47.Ke5 Kb7
48.Kxd5 Bb4e1
49.e4 Kc7
50.Ke6 Be1f2
51.d5 Bf2g3
52.e5 Kc8
53.d6 Bg3xe5
54.Kxe5 Kd7
55.Bg5e7 Ke8
56.Be7xh4 Kd7
57.g4 Ke8
58.Ke6 Kf8
59.d7 Kg7
60.d8Q Kh7
61.Kf6 Kh6
62.Qd8h8 { resign }
1-0

[Event "Tourn. n8948"]
[Site "www.chess-mail.com"]
[Date "2016.10.16"]
[Round "1"]
[White "Mao"]
[Black "Passaroa25"]
[WhiteElo "1680"]
[BlackElo "1540"]
[Result "1-0"]
[Round "1"]
1.e4 c6
2.d4 d6
3.Ng1f3 f6
4.Nb1c3 Bc8e6
5.d5 Be6f7
6.Bc1f4 Qd8c7
7.Bf1c4 Nb8d7
8.Qd1e2 Nd7c5
9.O-O e5
10.dxe6 Nc5xe6
11.Bf4g3 Ng8e7
12.Ra1d1 b5
13.Bg3xd6 Qc7b6
14.Bc4b3 Ne7g6
15.Bd6xf8 Ng6xf8
16.e5 Ne6f4
17.Bb3xf7 Kxf7
18.Qe2e4 Nf4d5
19.Nc3xd5 cxd5
20.Qe4xd5 Nf8e6
21.exf6 gxf6
22.Rf1e1 Rh8e8
23.Nf3d4 Qb6d8
24.Nd4xe6 Qd8xd5
25.Rd1xd5 b4
26.Rd5d7 Kg6
27.Kf1 a5
28.Ne6f4 Kf5
29.Re1xe8 Ra8xe8
30.g3 Re8e4
31.Rd7xh7 Re4e5
32.Rh7h5 Kg4
33.Rh5xe5 fxe5
34.h3 Kf3
35.Nf4g6 e4
36.Ng6e5 
1-0

[Event "Tourn. n8983"]
[Site "www.chess-mail.com"]
[Date "2016.10.16"]
[Round "1"]
[White "Albertf"]
[Black "Hansen"]
[WhiteElo "1700"]
[BlackElo "1570"]
[Result "1-0"]
[Round "1"]
1.d4 e6
2.c4 c5
3.Ng1f3 Nb8c6
4.e3 e5
5.Nf3xe5 Nc6b4
6.a3 Nb4a6
7.dxc5 Na6xc5
8.b4 Nc5e4
9.Qd1d5 Ne4g5
10.h4 Ng5e6
11.g3 f6
12.Ne5f3 Ne6c7
13.Qd5e4 Bf8e7
14.Bf1h3 b6
15.Nb1c3 Bc8b7
16.Qe4xb7 Be7d6
17.Qb7e4 Ng8e7
18.O-O a5
19.bxa5 Ra8xa5
20.a4 f5
21.Qe4d3 Nc7e6
22.Qd3xd6 Ne6c5
23.Nf3d4 Ne7c8
24.Qd6e5 Nc8e7
25.Nd4xf5 Nc5b3
26.Qe5xe7 Qd8xe7
27.Nf5xe7 Kxe7
28.Ra1b1 Nb3c5
29.Bc1a3 Kf7
30.Rb1xb6 Nc5d3
31.Rf1d1 Nd3e5
32.Kg2 Ne5xc4
33.Rd1xd7 Ke8
34.Rd7e7 Kf8
35.Rb6b8 { resign }
1-0

[Event "Tourn. n8901"]
[Site "www.chess-mail.com"]
[Date "2016.10.16"]
[Round "1"]
[White "Ffdd65"]
[Black "Julian"]
[WhiteElo "2230"]
[BlackElo "2070"]
[Result "1/2-1/2"]
[Round "1"]
1.e4 d6
2.d4 g6
3.d5 Bf8g7
4.c3 Ng8f6
5.Bf1d3 O-O
6.h3 c6
7.c4 Nb8d7
8.Nb1c3 Nd7e5
9.Bd3e2 cxd5
10.cxd5 a6
11.Ng1f3 Ne5xf3
12.Be2xf3 Bc8d7
13.a4 Ra8b8
14.O-O b5
15.axb5 axb5
16.Ra1a7 b4
17.Nc3a4 Bd7xa4
18.Ra7xa4 Nf6d7
19.Qd1d2 Nd7e5
20.Bf3e2 e6
21.Ra4xb4 Rb8xb4
22.Qd2xb4 exd5
23.exd5 Rf8e8
24.Bc1e3 Qd8b8
25.Qb4d2 Qb8b7
26.f4 Ne5d7
27.Rf1b1 Nd7f6
28.Be2f3 Qb7b3
29.Be3d4 Nf6d7
30.Bd4xg7 Kxg7
31.Qd2c3 Qb3xc3
32.bxc3 Re8e3
33.Rb1b7 Nd7c5
34.Rb7b6 Re3xc3
35.Rb6xd6 Nc5d3
36.Rd6c6 Rc3a3
37.d6 Nd3xf4
38.d7 Ra3d3
39.Rc6c7 Nf4e6
40.Rc7a7 Rd3d6
41.Bf3g4 Ne6c5
42.Ra7c7 h5
43.Bg4xh5 Nc5xd7
44.Bh5e2 Nd7e5
45.Be2b5 Rd6d1
46.Kh2 Rd1b1
47.Rc7c5 Rb1e1
48.Rc5c7 Re1e3
49.Kg1 Re3b3
50.Rc7c5 f6
51.Bb5e2 Rb3b1
52.Be2f1 Rb1b2
53.Rc5c3 g5
54.g4 Kf7
55.Bf1c4 Ne5xc4
56.Rc3xc4 Ke6
57.Rc4e4 Kd5
58.Re4e1 { draw }
1/2-1/2

[Event "Tourn. n8980"]
[Site "www.chess-mail.com"]
[Date "2016.10.16"]
[Round "1"]
[White "Rons"]
[Black "Egdiogel"]
[WhiteElo "2520"]
[BlackElo "2270"]
[Result "1-0"]
[Round "1"]
1.e4 c6
2.d4 d5
3.Nb1c3 dxe4
4.Nc3xe4 Nb8d7
5.Ng1f3 Ng8f6
6.Ne4g3 c5
7.Bf1d3 cxd4
8.Nf3xd4 g6
9.O-O Bf8g7
10.Rf1e1 O-O
11.c3 e5
12.Nd4f3 Qd8c7
13.Bc1g5 h6
14.Bg5xf6 Bg7xf6
15.Qd1e2 Rf8e8
16.h4 b6
17.h5 g5
18.Qe2e4 { resign }
1-0

[Event "Tourn. n8976"]
[Site "www.chess-mail.com"]
[Date "2016.10.16"]
[Round "1"]
[White "Norlavuaram"]
[Black "Hundegana"]
[WhiteElo "2160"]
[BlackElo "2040"]
[Result "1-0"]
[Round "1"]
1.e4 c5
2.Ng1f3 e6
3.d4 Ng8f6
4.Nb1c3 Qd8a5
5.Bf1d3 Nb8c6
6.d5 exd5
7.exd5 Nf6xd5
8.Bc1d2 Nd5xc3
9.Bd2xc3 Qa5c7
10.O-O d6
11.Rf1e1 Bc8e6
12.Nf3g5 O-O-O
13.Ng5xe6 fxe6
14.Re1xe6 Kb8
15.Bd3b5 Nc6d4
16.Bc3xd4 cxd4
17.Bb5a4 Qc7c4
18.Ba4b3 Qc4c5
19.Qd1d3 g6
20.Ra1e1 Bf8g7
21.Re6e7 Bg7e5
22.Qd3f3 Qc5b6
23.Re7f7 h5
24.Bb3d5 Kc8
25.Rf7xb7 Qb6a5
26.Qf3h3 { resign }
1-0

[Event "Tourn. n8997"]
[Site "www.chess-mail.com"]
[Date "2016.10.16"]
[Round "1"]
[White "Mao"]
[Black "Cal"]
[WhiteElo "1720"]
[BlackElo "1670"]
[Result "1-0"]
[Round "1"]
1.e4 e5
2.Ng1f3 d6
3.d4 exd4
4.Nf3xd4 c5
5.Nd4f3 h6
6.Nb1c3 Ng8f6
7.Bc1f4 Bf8e7
8.Bf1b5 Bc8d7
9.O-O a6
10.Bb5xd7 Nb8xd7
11.Bf4xd6 O-O
12.e5 Nd7b6
13.Bd6xe7 Qd8xe7
14.exf6 Qe7xf6
15.Rf1e1 Nb6c4
16.Ra1b1 Ra8d8
17.Qd1e2 b5
18.Qe2e5 Rf8e8
19.Qe5xc5 Re8xe1
20.Rb1xe1 Nc4xb2
21.Nc3e4 Rd8e8
22.Ne4xf6 gxf6
23.Re1xe8 { resign }
1-0

[Event "Tourn. n8955"]
[Site "www.chess-mail.com"]
[Date "2016.10.16"]
[Round "1"]
[White "Julian"]
[Black "Picifarkinca"]
[WhiteElo "2020"]
[BlackElo "2060"]
[Result "0-1"]
[Round "1"]
1.e4 c6
2.d4 d5
3.e5 Bc8f5
4.g4 Bf5g6
5.Bf1g2 e6
6.Ng1e2 Nb8d7
7.Nb1d2 h5
8.f3 Qd8h4
9.Ne2g3 hxg4
10.fxg4 Ng8h6
11.Nd2f3 Qh4d8
12.Bc1g5 Qd8a5
13.c3 Nh6xg4
14.h3 Ng4h6
15.O-O Nh6f5
16.Ng3xf5 Bg6xf5
17.h4 f6
18.exf6 gxf6
19.Bg5d2 O-O-O
20.b4 Qa5c7
21.Qd1a4 b6
22.b5 Bf5d3
23.Rf1c1 Bd3xb5
24.Qa4c2 Bf8d6
25.a4 Bb5c4
26.a5 b5
27.Bd2e1 Rd8g8
28.Qc2d1 Bd6g3
29.a6 Qc7f4
30.Rc1c2 Bc4b3
31.Be1xg3 Rg8xg3
32.Ra1b1 Bb3xc2
33.Qd1xc2 Qf4xf3
34.Rb1f1 Qf3e3
35.Qc2f2 Rh8xh4
36.Qf2xe3 Rg3xe3
{ resign }
0-1

[Event "Tourn. n8952"]
[Site "www.chess-mail.com"]
[Date "2016.10.16"]
[Round "1"]
[White "Maciekkam"]
[Black "Ditto"]
[WhiteElo "1779"]
[BlackElo "1850"]
[Result "1-0"]
[Round "1"]
1.d4 d5
2.c4 dxc4
3.Ng1f3 Bc8f5
4.Nb1c3 e6
5.e4 Bf5g4
6.Bf1xc4 Ng8f6
7.O-O c6
8.e5 Nf6d7
9.h3 Bg4h5
10.a3 Bf8e7
11.Bc1e3 Nd7b6
12.Bc4a2 O-O
13.Ra1c1 Nb8d7
14.Nc3e4 Bh5g6
15.Ba2b1 Nb6d5
16.Ne4c3 Nd5xe3
17.fxe3 Qd8b6
18.Qd1d2 Bg6h5
19.Qd2c2 Bh5g6
20.Qc2d2 c5
21.Bb1xg6 fxg6
22.d5 Rf8d8
23.d6 Be7f8
24.Nc3d5 exd5
25.Qd2xd5 Kh8
26.Nf3g5 Rd8e8
27.Ng5f7 Kg8
28.Nf7h6 Kh8
29.Qd5g8 
1-0

[Event "Tourn. n8973"]
[Site "www.chess-mail.com"]
[Date "2016.10.16"]
[Round "1"]
[White "Osopanda"]
[Black "Norlavuaram"]
[WhiteElo "2020"]
[BlackElo "2150"]
[Result "0-1"]
[Round "1"]
1.c4 Ng8f6
2.d4 c5
3.Ng1f3 g6
4.Nb1c3 Bf8g7
5.e4 cxd4
6.Nf3xd4 O-O
7.f3 Nb8c6
8.Bc1e3 d6
9.Bf1e2 Bc8d7
10.O-O Ra8c8
11.Qd1d2 Rf8e8
12.Ra1c1 Nc6e5
13.b3 Ne5c6
14.h4 Nf6h5
15.Kh2 e5
16.Nd4b5 Qd8xh4
17.Kg1 Re8e6
18.Be3f2 Nh5g3
19.Bf2xg3 Qh4e7
20.f4 exf4
21.Bg3xf4 a6
22.Nb5xd6 Bg7d4
23.Qd2xd4 Nc6xd4
24.Nd6xc8 Nd4xe2
25.Nc3xe2 Bd7xc8
26.Ne2g3 Qe7h4
27.Rc1e1 g5
28.Bf4c7 Re6c6
29.Bc7e5 Rc6c5
30.Be5b8 Bc8e6
31.Ng3f5 Be6xf5
32.exf5 g4
33.g3 Qh4f6
34.Bb8f4 Rc5xf5
35.Re1e8 Kg7
36.Re8e1 Qf6b6
37.Kg2 Qb6d4
38.Bf4h6 Kxh6
39.Rf1xf5 Qd4d2
{ resign }
0-1

[Event "Tourn. n8951"]
[Site "www.chess-mail.com"]
[Date "2016.10.16"]
[Round "1"]
[White "Nulladies"]
[Black "Cal"]
[WhiteElo "1860"]
[BlackElo "1710"]
[Result "1-0"]
[Round "1"]
1.d4 d5
2.Bc1f4 Nb8c6
3.Ng1f3 f6
4.e3 a6
5.Nf3h4 g5
6.Qd1h5 Kd7
7.Nh4g6 hxg6
8.Qh5xh8 Ng8h6
9.Bf4g3 b5
10.Nb1c3 e6
11.h4 Bc8b7
12.Qh8h7 Nc6e7
13.Bf1d3 Qd8e8
14.h5 gxh5
15.Bd3g6 Qe8xg6
16.Qh7xg6 Ne7xg6
17.Rh1xh5 Nh6g4
18.f3 Ng4xe3
19.Kd2 Bf8b4
20.Rh5h7 Ng6e7
21.Kxe3 Ra8f8
22.Ra1h1 Bb4xc3
23.bxc3 f5
24.f4 g4
25.Bg3h4 e5
26.Rh7xe7 Kc6
27.fxe5 f4
28.Kf2 Kb6
29.Re7e6 c6
30.Re6f6 g3
31.Kf3 Rf8h8
32.Rf6xf4 a5
33.Kxg3 c5
34.Rf4f6 Bb7c6
35.e6 c4
36.e7 b4
37.cxb4 axb4
38.Rh1e1 Rh8g8
39.Kf3 Kb5
40.e8Q Bc6xe8
41.Rf6d6 Be8h5
42.Kf2 Rg8f8
43.Kg1 c3
44.Rd6xd5 Kc4
45.Rd5xh5 Kxd4
46.Bh4f2 Kc4
47.Rh5h4 Kb5
48.Re1b1 { resign }
1-0

[Event "Tourn. n8893"]
[Site "www.chess-mail.com"]
[Date "2016.10.16"]
[Round "1"]
[White "Prize64"]
[Black "Faerieking"]
[WhiteElo "2380"]
[BlackElo "2230"]
[Result "0-1"]
[Round "1"]
1.e4 c5
2.c3 d5
3.exd5 Qd8xd5
4.Ng1f3 Ng8f6
5.d4 Bc8g4
6.Bf1e2 e6
7.h3 Bg4f5
8.Nb1a3 a6
9.dxc5 Qd5xd1
10.Be2xd1 Bf8xc5
11.Na3c2 Nb8c6
12.Nc2e3 Bf5d3
13.Bd1c2 Bd3xc2
14.Ne3xc2 h6
15.Bc1e3 Bc5xe3
16.Nc2xe3 Ke7
17.O-O-O Nf6e4
18.Rh1f1 b5
19.Nf3d4 Nc6xd4
 { time }
0-1

[Event "Tourn. n8944"]
[Site "www.chess-mail.com"]
[Date "2016.10.16"]
[Round "1"]
[White "Ffdd65"]
[Black "Osopanda"]
[WhiteElo "2260"]
[BlackElo "2010"]
[Result "1/2-1/2"]
[Round "1"]
1.e4 g6
2.d4 Bf8g7
3.Ng1f3 c5
4.d5 d6
5.Bc1d2 Nb8d7
6.Bd2c3 Ng8f6
7.Bf1d3 O-O
8.Nb1d2 Rf8e8
9.O-O Nd7f8
10.h3 e6
11.Bd3c4 a6
12.a4 Ra8b8
13.Bc3xf6 Qd8xf6
14.c3 b5
15.axb5 axb5
16.Bc4e2 exd5
17.exd5 Bc8f5
18.Rf1e1 Nf8d7
19.Ra1a5 b4
20.Nd2c4 Nd7b6
21.cxb4 Nb6xc4
22.Be2xc4 cxb4
23.Re1xe8 Rb8xe8
24.b3 Bf5e4
25.Nf3d2 Qf6d8
26.Ra5a2 Bg7c3
27.Nd2xe4 Re8xe4
28.Ra2e2 Qd8e7
29.Bc4d3 Re4xe2
30.Qd1xe2 Qe7a7
31.Bd3a6 { draw }
1/2-1/2

[Event "Match"]
[Site "www.echecsemail.com"]
[Date "2016.10.16"]
[Round "1"]
[White "Gilliere"]
[Black "4m6az"]
[WhiteElo "2070"]
[BlackElo "1980"]
[Result "1-0"]
[Round "1"]
1.e4 e5
2.Ng1f3 Nb8c6
3.Bf1b5 Nc6d4
4.Nf3xd4 exd4
5.O-O Bf8c5
6.Qd1g4 g6
7.c3 c6
8.Bb5e2 Ng8f6
9.Qg4f3 dxc3
10.Nb1xc3 O-O
11.a3 d6
12.Nc3a4 Bc5d4
13.h3 Rf8e8
14.Be2d3 b5
15.Na4c3 Bd4xc3
16.dxc3  { time }
1-0

[Event "Tourn. n8912"]
[Site "www.chess-mail.com"]
[Date "2016.10.17"]
[Round "1"]
[White "Rons"]
[Black "Szustan"]
[WhiteElo "2500"]
[BlackElo "2590"]
[Result "1/2-1/2"]
[Round "1"]
1.e4 e5
2.Ng1f3 Nb8c6
3.Bf1b5 a6
4.Bb5a4 Ng8f6
5.O-O Nf6xe4
6.d4 b5
7.Ba4b3 d5
8.dxe5 Bc8e6
9.Nb1d2 Ne4c5
10.c3 d4
11.Bb3xe6 Nc5xe6
12.cxd4 Nc6xd4
13.Nd2e4 Bf8e7
14.Bc1e3 Nd4f5
15.Qd1c2 O-O
16.Ra1d1 Nf5xe3
17.fxe3 Qd8c8
18.h3 c5
19.Ne4d6 Qc8c7
20.Rd1d5 Ra8d8
21.Rf1d1 c4
22.a4 Qc7b6
23.axb5 Qb6xe3
24.Kh1 axb5
25.Rd5xb5 Qe3f4
26.Rb5b4 Rd8c8
27.Rb4xc4 Rc8xc4
28.Qc2xc4 Qf4xc4
29.Nd6xc4 Rf8c8
30.Nc4d6 Rc8b8
31.Rd1d2 g6
32.Kh2 h5
33.g3 Kg7
34.Kg2 Kf8
35.Rd2c2 Rb8b4
36.Kf1 Rb4b3
{ draw }
1/2-1/2

[Event "Tourn. n9003"]
[Site "www.chess-mail.com"]
[Date "2016.10.17"]
[Round "1"]
[White "Norlavuaram"]
[Black "Guidom"]
[WhiteElo "2230"]
[BlackElo "2140"]
[Result "0-1"]
[Round "1"]
1.e4 e5
2.Ng1f3 Nb8c6
3.Bf1b5 a6
4.Bb5a4 Ng8f6
5.O-O d6
6.Rf1e1 Bf8e7
7.h3 O-O
8.c3 Bc8d7
9.d4 b5
10.Ba4b3 Qd8c8
11.d5 Nc6b8
12.Nb1d2 c5
13.Nd2f1 c4
14.Bb3c2 Bd7xh3
15.gxh3 Qc8xh3
16.Nf3h2 Nf6h5
17.Qd1g4 Qh3xg4
18.Nh2xg4 Nb8d7
19.Nf1g3 Nh5xg3
20.fxg3 Nd7b6
21.Bc1e3 Ra8b8
22.Ng4h2 g6
23.Re1f1 Nb6d7
24.Rf1f2 h5
25.Ra1f1 Kg7
26.g4 h4
27.g5 Rb8b7
28.Nh2g4 Nd7c5
29.Ng4h6 Be7d8
30.Rf2h2 a5
31.Rh2xh4 b4
32.Rh4h2 bxc3
33.bxc3 Rb7b2
34.Bc2b1 Rb2b5
35.Rh2f2 Rb5b7
36.Nh6g4 Nc5a4
37.Be3d2 Bd8b6
38.Bd2e3 Na4xc3
39.Be3xb6 Rb7xb6
40.Bb1c2 Rb6b2
41.Bc2d1 Rb2xf2
42.Ng4xf2 Nc3xa2
43.Bd1c2 Na2b4
44.Bc2a4 Rf8c8
45.Rf1c1 c3
46.Kf1 Rc8c4
47.Ba4b3 Rc4c5
48.Ke2 f5
49.Ke3 f4
50.Ke2 Rc5c8
51.Nf2d3 a4
52.Bb3xa4 Rc8c4
53.Nd3f2 Nb4a2
{ resign }
0-1

[Event "Tourn. n8981"]
[Site "www.chess-mail.com"]
[Date "2016.10.17"]
[Round "1"]
[White "Libiesse"]
[Black "Osopanda"]
[WhiteElo "2020"]
[BlackElo "2030"]
[Result "0-1"]
[Round "1"]
1.d4 Ng8f6
2.c4 g6
3.Nb1c3 c6
4.Ng1f3 Bf8g7
5.Bc1g5 d5
6.cxd5 cxd5
7.e3 O-O
8.Bf1e2 Nb8c6
9.O-O h6
10.Bg5h4 Kh7
11.Be2d3 a6
12.a3 Bc8g4
13.h3 Bg4e6
14.Qd1c2 Nf6e4
15.Nc3xe4 dxe4
16.Bd3xe4 Ra8c8
17.Qc2d3 f5
18.Be4xc6 Rc8xc6
19.Ra1c1 Rc6xc1
20.Rf1xc1 b5
21.Nf3d2 g5
22.Bh4g3 Kh8
23.Nd2f3 f4
24.exf4 gxf4
25.Bg3h4 Be6c4
26.Qd3g6 Qd8d6
27.Rc1e1 Qd6xg6
{ resign }
0-1

[Event "Tourn. n8864"]
[Site "www.chess-mail.com"]
[Date "2016.10.17"]
[Round "1"]
[White "Ejner"]
[Black "Conde7"]
[WhiteElo "2440"]
[BlackElo "2830"]
[Result "0-1"]
[Round "1"]
1.Ng1f3 Ng8f6
2.c4 e6
3.Nb1c3 Bf8b4
4.Qd1c2 O-O
5.a3 Bb4xc3
6.Qc2xc3 d6
7.b4 e5
8.Bc1b2 a5
9.e3 Bc8g4
10.Bf1e2 e4
11.Nf3d4 Bg4xe2
12.Nd4xe2 Nb8d7
13.O-O Qd8e7
14.d3 exd3
15.Ne2f4 Qe7e4
16.Qc3xd3 Nd7e5
17.Bb2xe5 dxe5
18.f3 Qe4xd3
19.Nf4xd3 e4
20.Nd3c5 exf3
21.gxf3 b6
22.Nc5b3 Nf6d7
23.c5 Nd7e5
24.cxb6 cxb6
25.bxa5 bxa5
26.a4 Rf8c8
27.Nb3d4 Rc8c3
28.Kf2 Ra8e8
29.Nd4b5 Rc3c2
30.Kg3 h5
31.Rf1f2 h4
32.Kg2 Rc2c6
33.e4 Re8d8
34.Ra1a2 Rc6g6
35.Kf1 Rd8d1
36.Ke2 Rg6g1
37.Ke3 g5
38.Rf2g2 Rg1e1
39.Rg2e2 Ne5c4
40.Kf2 Re1h1
41.Kg2 Rd1g1
{ resign }
0-1

[Event "Tourn. n8952"]
[Site "www.chess-mail.com"]
[Date "2016.10.17"]
[Round "1"]
[White "Cal"]
[Black "Maciekkam"]
[WhiteElo "1700"]
[BlackElo "1779"]
[Result "0-1"]
[Round "1"]
1.c4 g6
2.e4 Bf8g7
3.d4 d6
4.h3 Ng8f6
5.Nb1c3 O-O
6.Ng1f3 e5
7.d5 a5
8.a3 Bc8d7
9.b3 Nf6xe4
10.Nc3xe4 f5
11.Bc1g5 Qd8e8
12.Ne4g3 f4
13.Ng3e4 h6
14.Bg5h4 Bd7f5
15.Ne4c3 e4
16.Nf3d4 Qe8e5
17.Bf1e2 Qe5xd4
18.Nc3b5 Qd4xa1
19.Nb5xc7 Bg7c3
20.Kf1 Qa1xd1
21.Be2xd1 e3
22.fxe3 g5
23.Bh4f2 fxe3
24.Bf2xe3 Bf5d3
25.Kg1 Rf8f1
26.Kh2 Bc3e5
27.g3 Rf1xh1
28.Kxh1 Ra8a6
29.Nc7xa6 Nb8xa6
30.Bd1f3 Bd3c2
31.b4 axb4
32.axb4 Na6xb4
33.g4 Nb4d3
34.Bf3e4 Nd3f2
35.Kg2 Nf2xe4
36.c5 Ne4xc5
37.Be3xc5 dxc5
38.Kf3 b5
{ resign }
0-1

[Event "Tourn. n8975"]
[Site "www.chess-mail.com"]
[Date "2016.10.17"]
[Round "1"]
[White "Mao"]
[Black "Cal"]
[WhiteElo "1680"]
[BlackElo "1670"]
[Result "1-0"]
[Round "1"]
1.e4 e5
2.Ng1f3 d6
3.d4 exd4
4.Nf3xd4 Ng8f6
5.Nb1c3 Bc8g4
6.Bf1e2 Bg4xe2
7.Qd1xe2 a6
8.Bc1g5 Bf8e7
9.O-O-O h6
10.Bg5h4 O-O
11.f4 Nf6h7
12.Bh4xe7 Qd8xe7
13.g4 c5
14.Nd4f5 Qe7c7
15.Nf5xd6 b5
16.e5 Nb8c6
17.Nc3d5 Qc7a5
18.Kb1 Nc6d4
19.Qe2e4 Rf8e8
20.Nd6xe8 Ra8xe8
21.h4 b4
22.g5 h5
23.g6 fxg6
24.Qe4xg6 Qa5b5
25.Rh1g1 Qb5b7
26.Qg6xe8 Nh7f8
27.Nd5e7 Kh7
28.Qe8xf8 Nd4c6
29.Qf8xg7 { resign }
1-0

[Event "Tourn. n8937"]
[Site "www.chess-mail.com"]
[Date "2016.10.17"]
[Round "1"]
[White "Vasylpuzanov"]
[Black "Amaya"]
[WhiteElo "1870"]
[BlackElo "2080"]
[Result "0-1"]
[Round "1"]
1.e4 e6
2.d4 d5
3.exd5 exd5
4.Ng1f3 Ng8e7
5.Bf1e2 g6
6.O-O Bf8g7
7.Bc1g5 O-O
8.Nb1d2 Bc8f5
9.c3 Nb8d7
10.Rf1e1 h6
11.Bg5xe7 Qd8xe7
12.Be2f1 Qe7f6
13.h3 Rf8e8
14.Qd1b3 Nd7b6
15.a4 a5
16.Re1xe8 Ra8xe8
17.c4 Bf5e4
18.cxd5 Be4xd5
19.Qb3c3 Qf6d6
20.Nd2c4 Nb6xc4
21.Bf1xc4 Bd5xf3
22.Qc3xf3 Re8e7
23.d5 Bg7xb2
24.Ra1b1 Qd6b4
25.Qf3b3 { time. }
0-1

[Event "Tourn. n8924"]
[Site "www.chess-mail.com"]
[Date "2016.10.17"]
[Round "1"]
[White "Cal"]
[Black "Pariolinius"]
[WhiteElo "1740"]
[BlackElo "1800"]
[Result "0-1"]
[Round "1"]
1.Nb1c3 Ng8f6
2.e4 e5
3.a3 Nb8c6
4.h3 Bf8c5
5.Ng1f3 d6
6.d3 O-O
7.b4 Bc5b6
8.Bc1g5 Bc8e6
9.Bf1e2 Qd8e7
10.O-O Nc6d4
11.Nc3a4 Nd4xe2
12.Qd1xe2 Be6d7
13.c4 a6
14.Ra1c1 Bd7xa4
15.Nf3h4 Ba4d7
16.Qe2f3 Bb6d4
17.Kh1 h6
18.Bg5xf6 Qe7xf6
19.Qf3g3 Qf6g5
20.Qg3xg5 hxg5
21.Nh4f3 Bd4b2
22.Rc1b1 Bb2xa3
23.Nf3xg5 f6
24.Ng5f3 Kf7
25.d4 Rf8h8
26.dxe5 dxe5
27.Rf1d1 Bd7e6
28.c5 Ra8d8
29.Rd1xd8 Rh8xd8
30.Kh2 g5
31.h4 g4
32.Nf3e1 Rd8d2
33.f3 gxf3
34.Ne1xf3 Rd2f2
35.b5 Ba3xc5
36.bxa6 bxa6
37.h5 Kg7
38.Nf3h4 Rf2f4
39.Rb1b7 Rf4xh4
40.Kg3 Rh4g4
41.Kf3 Bc5b6
42.Rb7b8 a5
43.g3 a4
44.Rb8a8 Be6d7
45.h6 Kxh6
46.Ra8b8 Rg4g7
47.g4 Kh7
48.Rb8d8 a3
49.Rd8a8 Bb6c5
50.Ra8a5 Bc5d6
51.Kg3 Bd7e6
52.g5 a2
53.Kh4 Rg7xg5
{ resign }
0-1

[Event "Tourn. n8983"]
[Site "www.chess-mail.com"]
[Date "2016.10.17"]
[Round "1"]
[White "Albertf"]
[Black "Falcoale"]
[WhiteElo "1700"]
[BlackElo "1600"]
[Result "1-0"]
[Round "1"]
1.d4 Ng8f6
2.c4 e6
3.Nb1c3 b6
4.e3 Bc8b7
5.Ng1f3 Bf8b4
6.Bc1d2 c5
7.dxc5 bxc5
8.Bf1e2 O-O
9.O-O d5
10.cxd5 Nf6xd5
11.a3 Nd5xc3
12.Bd2xc3 Bb4xc3
13.bxc3 Qd8f6
14.c4 Nb8c6
15.Ra1b1 Ra8d8
16.Qd1a4 Bb7a8
17.Rf1d1 Rd8xd1
18.Rb1xd1 Nc6e5
19.Nf3xe5 Qf6xe5
20.Qa4xa7 Qe5g5
21.g3 Ba8e4
22.h4 Qg5f5
23.Qa7c7 Qf5h3
24.f3 Qh3xg3
25.Qc7xg3 { resign }
1-0

[Event "Tourn. n8995"]
[Site "www.chess-mail.com"]
[Date "2016.10.17"]
[Round "1"]
[White "Mitja"]
[Black "Picifarkinca"]
[WhiteElo "1960"]
[BlackElo "1940"]
[Result "0-1"]
[Round "1"]
1.d4 d5
2.e3 Ng8f6
3.h3 e6
4.Ng1f3 c5
5.dxc5 Bf8xc5
6.c3 O-O
7.Nb1d2 Nb8c6
8.Nd2b3 Bc5d6
9.Bf1e2 e5
10.O-O a5
11.a4 h6
12.Nb3d2 Rf8e8
13.b3 Bc8f5
14.Bc1a3 Bd6xa3
15.Ra1xa3 Qd8e7
16.Ra3a1 Ra8d8
17.Qd1c1 d4
18.Rf1e1 d3
19.Be2f1 e4
20.Nf3d4 Nc6xd4
21.cxd4 Rd8c8
22.Qc1b2 Rc8c2
23.Qb2b1 Rc2xd2
24.Ra1a2 Rd2xa2
25.Qb1xa2 Re8c8
26.Qa2b1 Qe7b4
27.Re1c1 Rc8c3
28.Rc1xc3 Qb4xc3
{ resign }
0-1

[Event "Tourn. n8981"]
[Site "www.chess-mail.com"]
[Date "2016.10.17"]
[Round "1"]
[White "Estonia"]
[Black "Libiesse"]
[WhiteElo "2060"]
[BlackElo "2020"]
[Result "1/2-1/2"]
[Round "1"]
1.e4 c5
2.Ng1f3 e6
3.d4 cxd4
4.Nf3xd4 Ng8f6
5.Nb1c3 d6
6.Bf1b5 Bc8d7
7.Bb5xd7 Qd8xd7
8.O-O Nb8c6
9.Bc1e3 Bf8e7
10.f4 d5
11.e5 Nf6g8
12.Qd1g4 g6
13.Ra1d1 Ng8h6
14.Qg4e2 Be7c5
15.Nd4b3 Bc5xe3
16.Qe2xe3 Nh6f5
17.Qe3e2 d4
18.Nc3e4 Qd7c7
19.Ne4f6 Ke7
20.Rf1f3 Ra8d8
21.Nf6g4 h5
22.Ng4f2 Rd8d7
23.Nb3c5 Rd7d5
24.Nc5d3 Rh8d8
25.a3 a6
26.Nf2e4 Qc7a5
27.Ne4f6 Rd5b5
28.g4 Nf5e3
29.Rf3xe3 dxe3
30.Qe2xe3 Qa5b6
31.Qe3xb6 Rb5xb6
32.Rd1f1 hxg4
33.Nf6xg4 Nc6d4
34.c3 Nd4e2
35.Kf2 Rd8xd3
36.Kxe2 Rd3d8
37.b4 Rb6c6
38.Rf1f3 Rd8c8
39.Kd2 b5
40.Ng4f6 Rc8d8
41.Kc2 Rd8h8
42.h3 Rh8h4
43.Nf6e4 Rc6c4
44.Kd3 Rc4c8
45.Ne4g5 Rc8c4
{ draw }
1/2-1/2

[Event "Tourn. n8967"]
[Site "www.chess-mail.com"]
[Date "2016.10.17"]
[Round "1"]
[White "Vasylpuzanov"]
[Black "Cirovicz"]
[WhiteElo "1730"]
[BlackElo "1990"]
[Result "0-1"]
[Round "1"]
1.e4 c5
2.f4 Nb8c6
3.Nb1c3 e6
4.Ng1f3 d5
5.Bf1b5 d4
6.Nc3e2 Bc8d7
7.d3 Ng8e7
8.O-O a6
9.Bb5xc6 Bd7xc6
10.Bc1d2 Qd8c7
11.Ne2g3 Ne7g6
12.Nf3e1 O-O-O
13.e5 f5
14.Ne1f3 { time. }
0-1

[Event "Match"]
[Site "www.echecsemail.com"]
[Date "2016.10.17"]
[Round "1"]
[White "Whitekknight"]
[Black "Azorau"]
[WhiteElo "1970"]
[BlackElo "1870"]
[Result "1/2-1/2"]
[Round "1"]
1.e4 e5
2.Ng1f3 Nb8c6
3.Bf1c4 h6
4.Nb1c3 Ng8f6
5.O-O a6
6.a4 Bf8b4
7.Rf1e1 O-O
8.Nc3d5 a5
9.Nd5xf6 Qd8xf6
10.c3 { draw }
1/2-1/2

[Event "Match"]
[Site "www.echecsemail.com"]
[Date "2016.10.17"]
[Round "1"]
[White "Coraza"]
[Black "Olddog55"]
[WhiteElo "1720"]
[BlackElo "1620"]
[Result "0-1"]
[Round "1"]
1.e4 e5
2.Bf1c4 Ng8f6
3.Ng1f3 Qd8e7
4.Nf3g5 d5
5.exd5 Qe7d6
6.Bc4b5 c6
7.dxc6 bxc6
8.Bb5c4 Bc8e6
9.Bc4xe6 fxe6
10.O-O Qd6e7
11.d4 exd4
12.Qd1xd4 Nf6d5
13.Rf1e1 c5
14.Qd4g4 e5
15.Qg4a4 Nb8d7
16.Ng5e4 Nd5b6
17.Qa4b3 c4
18.Qb3b5 Qe7f7
19.Re1d1 Bf8e7
20.a4 O-O
21.Nb1c3 Ra8c8
22.Rd1xd7 Nb6xd7
23.Qb5xd7 Rc8d8
24.Qd7g4 h5
25.Qg4g3 Qf7f5
26.Bc1h6 Rf8f7
27.Bh6g5 Be7xg5
28.Ne4xg5 Rf7d7
29.h4 Qf5xc2
30.Ra1b1 Rd8e8
31.Ng5f3 Rd7d3
32.Nf3e1 Rd3xg3
33.Ne1xc2 Rg3d3
34.Nc2b4 Rd3d2
35.a5 Rd2d6
36.Nc3b5 Rd6d7
37.Nb5c3 e4
38.Rb1e1 Rd7d2
39.Nc3a4 Re8b8
40.Nb4c6 Rb8b7
41.Re1xe4 Rd2d1
42.Kh2 Rd1c1
43.Nc6d8 Rb7b4
44.Re4e8 Kh7
45.Na4c5 Rb4xb2
46.f4 Rb2d2
47.Nd8e6 Rd2d1
48.Ne6g5 Kg6
49.Re8e6 Kf5
50.Kg3 Rc1c3
51.Kh2 Kg4
52.Nc5e4 Rc3c2
53.Re6e7 c3
54.Re7xg7 Kxf4
55.Rg7xa7 Rd1a1
56.Ra7f7 Ke5
57.Ne4g3 Kd6
58.Ng3xh5 Rc2c1
59.a6 c2
60.Ng5e4 Ke5
61.Rf7e7 Kd4
62.Nh5g3 Rc1e1
63.Re7d7 Ke3
64.Rd7c7 c1Q
65.Rc7c3 Kd4
66.Rc3xc1 Re1xc1
67.Ne4f2 Ke3
68.Nf2h1 Rc1c4
69.Ng3f5 Kf4
70.Nh1g3 Ra1xa6
71.h5 Ra6a8
72.Nf5d6 Rc4c3
73.Ng3e4 Rc3c1
74.h6 Rc1c7
75.Kh3 Rc7h7
76.Kh2 Ra8a1
77.g3 Ke5
78.Kg2 Rh7xh6
79.Kf3 Rh6g6
80.Nd6f7 Kf5
81.Nf7d6 Ke6
82.g4 Ra1g1
83.g5 Rg6g8
84.Kf4 Rg8f8
85.Ke3 Ke5
86.Nd6b7 Rf8f4
87.Ne4f2 Rg1xg5
88.Nf2d3 Kf5
89.Nd3xf4 Rg5g3
90.Kd4 Kxf4
91.Nb7c5 Rg3g8
92.Nc5e6 Kf5
93.Ne6c5 Rg8d8
94.Ke3 Ke5
95.Nc5d3 Kf5
96.Nd3c5 Rd8h8
97.Nc5e4 Rh8e8
98.Kf3 Re8xe4
99.Kg3 Kg5
100.Kf3 Kf5
101.Kf2 Re4a4
102.Ke3 Ra4a3
103.Kd4 Kf4
104.Kd5 Ra3a4
105.Kc5 Ke5
106.Kb5 Ra4a1
107.Kb4 Kd4
108.Kb5 Ra1c1
109.Kb6 Rc1c5
110.Kb7 Kd5
111.Kb6 Kd6
112.Kb7 Rc5b5
113.Ka6 Rb5b1
114.Ka5 Kc5
115.Ka6 Rb1a1
116.Kb7 Kd6
117.Kc8 Kc6
118.Kb8 Ra1a6
{ resign }
0-1

[Event "Match"]
[Site "www.echecsemail.com"]
[Date "2016.10.17"]
[Round "1"]
[White "Karpov35"]
[Black "Irene"]
[WhiteElo "1809"]
[BlackElo "2030"]
[Result "0-1"]
[Round "1"]
1.d4 d5
2.Nb1c3 e6
3.e4 dxe4
4.Nc3xe4 Nb8c6
5.Ng1f3 Ng8f6
6.Bc1g5 Bf8e7
7.Bg5xf6 Be7xf6
8.Ne4xf6 Qd8xf6
9.Bf1b5 Bc8d7
10.Qd1d2 O-O
11.c3 Qf6e7
12.O-O a6
13.Bb5d3 e5
14.Rf1e1 f6
15.dxe5 Nc6xe5
16.Nf3xe5 fxe5
17.Ra1d1 Bd7f5
18.Qd2e3 Ra8e8
19.f4 Bf5xd3
20.Rd1xd3 Rf8xf4
21.Qe3xf4 exf4
22.Re1xe7 Re8xe7
23.Kf2 g5
24.a4 Kg7
 { time }
0-1